Statystyki dla Czy znasz pełne imie Ciri?

Kliknij tutaj aby rozwiązać quiz!

Ogólne statystyki

  • Ten quiz został rozwiązany 34 razy
  • Średni wynik to 6 z 25

Statystyki odpowiedzi

Słowa% Poprawnych
Cirilla
96%
Fiona
57%
Riannon
43%
Ellen
39%
An
25%
Cintry
25%
i
25%
i
25%
i
25%
Ard
21%
Brugge
21%
królowa
21%
księżna
21%
Skellig
21%
Skellig
21%
dziedziczka
18%
Sodden
18%
Inis
14%
Inis
14%
na
14%
suzerenka
14%
Abb
11%
Attre
11%
diuszesa
11%
Yarra
11%

Rozkład punktacji

Percentyl według liczby udzielonych odpowiedzi

Procent ludzi z każdym wynikiem

Twoja historia wyników

Nie rozwiązałeś tego quizu